banner koha

Comportamento de diversas cultivares de alho ao ataque do acaro do chochamento (Registro n. 280150)

MARC details
000 -LÍDER
campo de controle de tamanho fixo 00976nac a22003017a 4500
001 - NÚMERO DE CONTROLE
campo de controle BR8705446
003 - IDENTIFICADOR DO NÚMERO DE CONTROLE
campo de controle BR-BrBNA
005 - DATA E HORÁRIO DA ÚLTIMA TRANSAÇÃO
campo de controle 20240105120547.0
008 - CAMPO DE DADOS FIXOS--INFORMAÇÃO GERAL
campo de controle de tamanho fixo 230509b bl.|||m| |||| 00| 0 por d
040 ## - FONTE DA CATALOGAÇÃO
Instituição da catalogação original BR-BrBNA
Idioma da catalogação por
Instituição que transcreveu o registro Biblioteca Nacional de Agricultura
072 ## - CÓDIGO DE CATEGORIA DE ASSUNTO
Código de Categoria de Assunto H50
090 ## - NÚMERO DE CHAMADA LOCAL
Número de chamada 1720 BR8705446
100 1# - ENTRADA PRINCIPAL--NOME PESSOAL
Nome pessoal Fornazier, M.J.
100 1# - ENTRADA PRINCIPAL--NOME PESSOAL
Nome pessoal Carmo, C.A.S. do
100 1# - ENTRADA PRINCIPAL--NOME PESSOAL
Nome pessoal Souza, J.L. de
100 1# - ENTRADA PRINCIPAL--NOME PESSOAL
Nome pessoal Dessaune Filho, N.
110 1# - ENTRADA PRINCIPAL--NOME CORPORATIVO
Nome corporativo ou nome da jurisdição Empresa Capixaba de Pesquisa Agropecuaria, Cariacica, ES (Brasil)
9 (RLIN) 3951
245 1# - TÍTULO
Título Comportamento de diversas cultivares de alho ao ataque do acaro do chochamento
260 3# - PUBLICAÇÃO, DISTRIBUIÇÃO, ETC.
Local de publicação, distribuição, etc. Cariacica, ES (Brasil):
Data da publicação, distribuição, etc. 1977.
300 ## - DESCRIÇÃO FÍSICA
Extensão 6 p.
490 ## - TÍTULO DA SÉRIE
Título da série Pesquisa em Andamento - Empresa Capixaba de Pesquisa Agropecuaria (Brazil)
Número do volume ou designação sequencial da série no. 44
ISSN - International Standard Serial Number ISSN 0101-5834
650 ## - ASSUNTO--TERMO TÓPICO
Cabeçalho tópico ou nome geográfico ALHO
650 ## - ASSUNTO--TERMO TÓPICO
Cabeçalho tópico ou nome geográfico ACARO
650 ## - ASSUNTO--TERMO TÓPICO
Cabeçalho tópico ou nome geográfico CHOCHAMENTO
650 ## - ASSUNTO--TERMO TÓPICO
Cabeçalho tópico ou nome geográfico ERRADICACAO
909 ## -
-- 202312
-- Lúcia Elande
-- 55
-- Lúcia Elande
942 ## - ELEMENTOS DE ENTRADA ADICIONADOS (KOHA)
Fonte da classificação ou esquema de arquivamento na estante Classificação AGRIS
Ocultar no OPAC Não
Tipo de material Koha Monografia Seriada
Exemplares
Situação do descarte Fonte da classificação ou esquema de arquivamento na estante Situação física Não pode ser emprestado Coleção Biblioteca de origem Biblioteca atual Localização na estante Total de empréstimos Número de telefone completo Código de barras Data de último acesso Tipo de material Koha Fonte de aquisição
  Classificação AGRIS       Biblioteca Nacional de Agricultura - Binagri Biblioteca Nacional de Agricultura - Binagri Agrobase - Acervo Geral   1720 BR8705446 1720 BR8705446 18/12/2023 Monografia Seriada Portaria Interministerial nº 164/94

BINAGRI

Telefone: (61)3218-2567/2388/3357/2097 - binagri@agro.gov.br

Ministério da Agricultura e Pecuária , Esplanada dos Ministérios, Bloco D, Anexo B, Brasília/DF, CEP: 70.043-900